Thin film materials : (Record no. 14815)

MARC details
000 -LEADER
fixed length control field 00742cam a22002294a 4500
001 - CONTROL NUMBER
control field 11188
003 - CONTROL NUMBER IDENTIFIER
control field IN-BhIIT
005 - DATE AND TIME OF LATEST TRANSACTION
control field 20250328120947.0
008 - FIXED-LENGTH DATA ELEMENTS--GENERAL INFORMATION
fixed length control field 030226s2003 nyua b 001 0 eng
020 ## - INTERNATIONAL STANDARD BOOK NUMBER
ISBN 9780521822817 (hbk.)
040 ## - CATALOGING SOURCE
Original cataloging agency IN-BhIIT
041 ## - LANGUAGE CODE
Language code of text eng
082 00 - DEWEY DECIMAL CLASSIFICATION NUMBER
Classification number 621.38152
Book number FRE/T
100 1# - MAIN ENTRY--AUTHOR NAME
Personal name Freund, L. B.
Relator term Author
245 10 - TITLE STATEMENT
Title Thin film materials :
Sub Title stress, defect formation, and surface evolution /
Statement of responsibility, etc by L.B. Freund, S. Suresh.
260 ## - PUBLICATION, DISTRIBUTION, ETC. (IMPRINT)
Place of publication Cambridge,New York :
Name of publisher Cambridge University Press,
Year of publication 2003.
300 ## - PHYSICAL DESCRIPTION
Number of Pages xviii, 750 p. :
Other physical details(ill.) ill. ;
Dimensions(size) 25 cm.
504 ## - BIBLIOGRAPHY, ETC. NOTE
Bibliography, etc Includes bibliographical references and indexes.
650 #0 - SUBJECT ADDED ENTRY--TOPICAL TERM
Topical Term Thin films.
700 1# - ADDED ENTRY--PERSONAL NAME
Personal name Suresh, S.
Relator term Joint author
942 ## - ADDED ENTRY ELEMENTS (KOHA)
Koha item type Technical Reference Book
Holdings
Withdrawn status Lost status Damaged status Not for loan Collection code Home library Current library Date acquired Source of acquisition Cost, normal purchase price Full call number Accession Number Cost, replacement price Price effective from Koha item type
Not withdrawn Not Lost not damaged   SMMME Central Library, IIT Bhubaneswar Central Library, IIT Bhubaneswar 15/02/2025 49 5156.41 621.38152 FRE/T 11188 7063.57 15/02/2025 Technical Reference Book

Central Library, Indian Institute of Technology Bhubaneswar, 4th Floor, Administrative Building, Argul, Khordha, PIN-752050, Odisha, India
Phone: +91-674-7138750 | Email: circulation.library@iitbbs.ac.in (For circulation related queries),
Email: info.library@iitbbs.ac.in (For other queries)